| 000 | 01791nac a22003131u 4500 | ||
|---|---|---|---|
| 008 | 100906t xxu||||| |||| 00| 0 eng d | ||
| 010 | _a 98011153 | ||
| 020 | _a0761513566 (pbk.) | ||
| 082 | 0 | 0 |
_a370.192 _bGLE |
| 100 |
_aGlenn, H. Stephen. _918040 |
||
| 245 | 1 | 0 |
_a7 Strategies for Developing Capable Students : _cH. Stephen Glenn and Michael L. Brock. |
| 246 | 3 | _aSeven strategies for developing capable students | |
| 260 |
_aRocklin, Calif. : _bPrima Pub., _c1998. |
||
| 300 |
_axxviii, 291 p. ; _c21 cm. |
||
| 500 | _aOn t.p. "capable" is followed by an asterisk, and a second asterisk indicates this means "responsible, respectful, and resourceful." | ||
| 500 | _a. | ||
| 504 | _aIncludes bibliographical references (p. 282-285) and index. | ||
| 520 | _aDescribes principles for creating and maintaining a healthy environment of support and challenge for children at home, which in turn equips them to effectively handle the pressures of school, and prepares them to learn. | ||
| 650 | 0 |
_aHome and school _zUnited States. _918041 |
|
| 650 | 0 |
_aEducation _xParent participation _zUnited States. _918042 |
|
| 650 | 0 |
_aParent and child _zUnited States. _918043 |
|
| 650 | 0 |
_aChild development _zUnited States. _918044 |
|
| 700 | 1 |
_aBrock, Michael L. _918045 |
|
| 856 | 4 | 2 |
_3Contributor biographical information _uhttp://www.loc.gov/catdir/bios/random058/98011153.html |
| 856 | 4 | 2 |
_3Table of contents _uhttp://www.loc.gov/catdir/toc/random041/98011153.html |
| 856 | 4 | 2 |
_3Publisher description _uhttp://www.loc.gov/catdir/description/random043/98011153.html |
| 942 |
_cBB _k370.192 GLE _2ddc |
||
| 999 |
_c2501 _d2501 |
||